书目信息 |
| 题名: |
劳动法学
|
|
| 作者: | 关怀 主编 | |
| 分册: | ||
| 出版信息: | 北京 法律出版社 1996.05 |
|
| 页数: | 581页 | |
| 开本: | 32开 | |
| 丛书名: | ||
| 单 册: | ||
| 中图分类: | D913 | |
| 科图分类: | ||
| 主题词: | 法学--部门 | |
| 电子资源: | ||
| ISBN: | 7-5036-1171-5 | |
| 000 | 00518nam0 2200193 45 | |
| 001 | 0010051183 | |
| 005 | 20010523160110.4 | |
| 010 | @a7-5036-1171-5@d22.50元 | |
| 100 | @a20001005d1996 km y0chiy0120 ea | |
| 101 | 0 | @achi |
| 105 | @a z 000yy | |
| 200 | 1 | @a劳动法学@ALao Dong Fa Xue@f关怀 主编@FGuan Huai Zhu Bian |
| 210 | @a北京@c法律出版社@d1996.05 | |
| 215 | @a581页@d32开 | |
| 606 | 0 | @a法学@x部门 |
| 690 | @aD913@v3 | |
| 701 | 0 | @a关怀@4主编 |
| 801 | @aCN@bPftUser@c20001005 | |
| 905 | @dD913@eG.658@b183059@f1 | |
| 劳动法学/关怀 主编.-北京:法律出版社,1996.05 |
| 581页;32开 |
| ISBN 7-5036-1171-5:22.50元 |
| ● |
| 相关链接 |
|
|
|
正题名:劳动法学
索取号:D913/G.658
 
预约/预借
| 序号 | 登录号 | 条形码 | 馆藏地/架位号 | 状态 | 备注 |
| 1 | 166468 | 201664680 | 社科库509/509社科库 81排4列5层/ [索取号:D913/G.658] | 在馆 | |
| 2 | 166469 | 201664699 | 社科库509/509社科库 81排4列4层/ [索取号:D913/G.658] | 在馆 | |
| 3 | 166470 | 201664706 | 社科库509/422社科库 41排3列2层/ [索取号:D913/G.658] | 在馆 | |
| 4 | 183059 | 201830590 | 社科库509/ [索取号:D913/G.658] | 在馆 | |
| 5 | 183060 | 201830607 | 社科库509/509社科库 81排4列4层/ [索取号:D913/G.658] | 在馆 | |
| 6 | 183061 | 201830616 | 社科库509/509社科库 81排4列4层/ [索取号:D913/G.658] | 在馆 |